[Event "AUS-ch U18"]
[Site "Adelaide"]
[Date "2009.01.06"]
[Round "5"]
[White "Chugha, Jagnoor"]
[Black "Moult Smith, Andrew"]
[Result "1-0"]
[WhiteElo "935"]
[BlackElo "935"]
[PlyCount "100"]
[EventDate "2009.01.02"]
[EventType "swiss"]
[EventRounds "11"]
[EventCountry "AUS"]
[SourceTitle "CBM 128 Extra"]
[Source "ChessBase"]
[SourceDate "2009.03.05"]
[SourceVersion "2"]
[SourceVersionDate "2009.03.25"]
[SourceQuality "1"]

1. c4 g6 2. Nc3 Bg7 3. g3 c5 4. Bg2 Nh6 5. e3 0-0 6. Nge2 d6 7. d4 Nc6 8. a3 e5 9. d5 Ne7 10. e4 f5 11. Be3 b6 12. h3 fxe4 13. Bxe4 Nhf5 14. Qd2 Nxe3 15. Qxe3 Nf5 16. Qd2 Nd4 17. Nxd4 exd4 18. Ne2 Qf6 19. f4 Bf5 20. Bd3 Rfe8 21. 0-0-0 Bxd3 22. Qxd3 Re3 23. Qd2 d3 24. Nc3 Rae8 25. Rde1 Rxe1+ 26. Rxe1 Rxe1+ 27. Qxe1 Qd4 28. Qe8+ Bf8 29. Qe6+ Kh8 30. Qf7 Qg7 31. Qxg7+ Bxg7 32. Kd2 Bf6 33. Kxd3 Kg7 34. Kc2 Kh6 35. Nb5 Be7 36. Nxa7 Bd8 37. b4 Kg7 38. Nb5 Be7 39. Na7 Bd8 40. Kb3 Kf6 41. Nb5 Ke7 42. bxc5 dxc5 43. Nc3 Kd7 44. Ka4 Bf6 45. Ne4 Be7 46. Kb5 Kc7 47. d6+ Bxd6 48. Nxd6 Kxd6 49. Kxb6 g5 50. a4 gxf4 1-0

[Event "AUS-ch U18"]
[Site "Adelaide"]
[Date "2009.01.03"]
[Round "2"]
[White "Chugha, Jagnoor"]
[Black "Borg, Malcolm"]
[Result "0-1"]
[WhiteElo "935"]
[BlackElo "1272"]
[PlyCount "126"]
[EventDate "2009.01.02"]
[EventType "swiss"]
[EventRounds "11"]
[EventCountry "AUS"]
[SourceTitle "CBM 128 Extra"]
[Source "ChessBase"]
[SourceDate "2009.03.05"]
[SourceVersion "2"]
[SourceVersionDate "2009.03.25"]
[SourceQuality "1"]

1. c4 Nf6 2. Nc3 e6 3. g3 Nc6 4. Bg2 Bc5 5. e3 b6 6. a3 a5 7. d4 Be7 8. Nf3 0-0 9. Ne5 Bb7 10. Qa4 Nxe5 11. Bxb7 Nd3+ 12. Ke2 Rb8 13. Bg2 Nxc1+ 14. Raxc1 c6 15. Qd1 d5 16. cxd5 cxd5 17. h4 b5 18. a4 bxa4 19. Nxa4 Rb4 20. b3 Qb8 21. Rb1 Rc8 22. Qd3 Rc6 23. Rhd1 Rc7 24. Rd2 Rcb7 25. Rdb2 Rxa4 26. bxa4 Rxb2+ 27. Rxb2 Qxb2+ 28. Qd2 Qxd2+ 29. Kxd2 Ne4+ 30. Bxe4 dxe4 31. Kc3 Kf8 32. Kc4 Bb4 33. d5 Ke7 34. Kd4 exd5 35. Kxd5 f5 36. Ke5 g6 37. Kf4 Be1 38. f3 exf3 39. Kxf3 Ke6 40. Kf4 h6 41. e4 fxe4 42. Kxe4 Bxg3 43. Kd4 Bxh4 44. Kc4 g5 45. Kd4 Bf2+ 46. Ke4 g4 47. Kf4 g3 48. Kf3 h5 49. Kg2 h4 50. Kh3 Kd5 51. Kg2 Kc4 52. Kh3 Kb4 53. Kxh4 g2+ 54. Kg4 g1Q+ 55. Kf4 Qe1 56. Kf3 Qe3+ 57. Kg4 Qe4+ 58. Kg5 Bh4+ 59. Kh6 Qf4+ 60. Kh7 Qf6 61. Kg8 Qe7 62. Kh8 Bf6+ 63. Kg8 Qg7# 0-1